Normal view
MARC view
- Er. SREEJA, K (Co- Guide )
Entry Personal Name
001 - CONTROL NUMBER
- control field: 5325
003 - CONTROL NUMBER IDENTIFIER
- control field: OSt
005 - DATE AND TIME OF LATEST TRANSACTION
- control field: 20221201105355.0
008 - FIXED-LENGTH DATA ELEMENTS
- fixed length control field: 221201|| aca||aabn | a|a d
040 ## - CATALOGING SOURCE
- Original cataloging agency: OSt
- Transcribing agency: OSt
100 ## - HEADING--PERSONAL NAME
- Personal name: Er. SREEJA, K (Co- Guide )
670 ## - SOURCE DATA FOUND
- Source citation: Work cat.: (OSt)17592: ARDRA, SANTHOSH GOPIKA, SUBASH KARTHIKA, M. P MANJUSHA, K. P 5323, PERFORMANCE EVALUATION OF HYDROPONIC FODDER PRODUCTION SYSTEM FOR JOWAR CROP AT DIFFERENT LIGHT CONDITIONS, 2022
